| 000 | 13952nas1a22014891i 4500 | ||
|---|---|---|---|
| 001 | RU\NLR\INFOCOMM18\1000062422 | ||
| 005 | 20260408071725.0 | ||
| 011 |
_a0042-4676 _bPrint |
||
| 011 | 0 |
_a2619-0478 _bOnline |
|
| 035 | _a(NLR Aleph) 002640546 | ||
| 090 |
_a3781494 _c3781494 |
||
| 100 | _a20040114a19209999|||y0rusy50 ca | ||
| 101 | 0 | _arus | |
| 102 | _aRU | ||
| 110 | _aagu||||0|y0 | ||
| 200 | 1 |
_aВестник рентгенологии и радиологии _eЖурн. Гос. Рентгенол. и радиологического ин-та. Отд. медико-биологический |
|
| 210 |
_aПб. _cГос. изд-во _d1920 - |
||
| 305 | _aОснован в 1920 г. | ||
| 510 | 1 |
_aRussian journal of radiology _zeng |
|
| 510 | 1 |
_aVestnik rentgenologii i radiologii _zint |
|
| 510 | 1 |
_aJournal of radiology and nuclear medicine _zeng |
|
| 531 | _aВРР | ||
| 712 | 0 | 2 |
_4570 _a"Лучевая диагностика", акционерное общество _cСанкт-Петербург _9530239 _3RU\NLR\AUTH\8810016197 |
| 712 | 0 | 2 |
_4570 _aРоссийская ассоциация радиологов _9338292 _3RU\NLR\AUTH\889921070 |
| 712 | 0 | 2 |
_4570 _aВсесоюзная ассоциация рентгенологов и радиологов _9341746 _3RU\NLR\AUTH\889922899 |
| 712 | 0 | 2 |
_4570 _aВсероссийское научное общество рентгенологов и радиологов _9467751 _3RU\NLR\AUTH\889986041 |
| 712 | 0 | 2 |
_4570 _aВсесоюзное научное медицинское общество рентгенологов и радиологов _9467758 _3RU\NLR\AUTH\889986045 |
| 712 | 0 | 2 |
_4570 _aЦНИИ медицинской радиологии _cЛенинград _9380555 _3RU\NLR\AUTH\889942767 |
| 712 | 0 | 2 |
_4570 _aМосковское объединение медицинских радиологов _9314445 _3RU\NLR\AUTH\8810213863 |
| 712 | 0 | 2 |
_4570 _aРоссийское общество рентгенологов и радиологов _9530256 _3RU\NLR\AUTH\880432940 |
| 801 | 2 |
_aRU _bNLR _c20071107 _2rusmarc |
|
| 801 | 1 |
_aRU _bInfoComm _c20040114 |
|
| 801 | 0 |
_aRU _bNLR _gPSBO |
|
| 852 |
_aNLR _jП17/5 |
||
| 942 | _cJOURNAL | ||
| 980 | _aRUSPER | ||